Normal view MARC view
  • Baeza-Yates, R.

Entry Personal Name

Number of records used in: 1

001 - CONTROL NUMBER

  • control field: 38611

003 - CONTROL NUMBER IDENTIFIER

  • control field: OSt

005 - DATE AND TIME OF LATEST TRANSACTION

  • control field: 20151029145858.0

008 - FIXED-LENGTH DATA ELEMENTS

  • fixed length control field: 151029|| aca||aabn | a|a d

040 ## - CATALOGING SOURCE

  • Original cataloging agency: OSt

100 1# - HEADING--PERSONAL NAME

  • Personal name: Baeza-Yates, R.
  • Fuller form of name: (Ricardo)

400 1# - SEE FROM TRACING--PERSONAL NAME

  • Personal name: Baeza-Yates, Ricardo

400 1# - SEE FROM TRACING--PERSONAL NAME

  • Personal name: Baeza-Yates, Ricardo,
  • Dates associated with a name: 1961-

400 1# - SEE FROM TRACING--PERSONAL NAME

  • Personal name: Yates, R. Baeza-
  • Fuller form of name: (Ricardo Baeza-)